UM Logo

Use martial law to cut off support for terrorists in Sulu. (Record no. 9838)

MARC details
000 -LEADER
fixed length control field 00316nam a2200109 4500
008 - FIXED-LENGTH DATA ELEMENTS--GENERAL INFORMATION
fixed length control field 180718b ||||| |||| 00| 0 eng d
245 ## - TITLE STATEMENT
Title Use martial law to cut off support for terrorists in Sulu.
260 ## - PUBLICATION, DISTRIBUTION, ETC. (IMPRINT)
Place of publication, distribution, etc. Philippines
Name of publisher, distributor, etc. Mindanao Times
Date of publication, distribution, etc. c2017
300 ## - PHYSICAL DESCRIPTION
Extent page 25.
650 #0 - SUBJECT ADDED ENTRY--TOPICAL TERM
9 (RLIN) 29107
Topical term or geographic name as entry element Terrorism.
942 ## - ADDED ENTRY ELEMENTS (KOHA)
Source of classification or shelving scheme Dewey Decimal Classification
Koha item type Periodicals
Holdings
Withdrawn status Lost status Source of classification or shelving scheme Damaged status Not for loan Collection code Home library Current library Date acquired Total Checkouts Date last seen Price effective from Koha item type Public note
    Dewey Decimal Classification     Periodicals UM Digos College - LIC UM Digos College - LIC 07/18/2018   07/18/2018 07/18/2018 Periodicals Newspaper Clippings